Les 100 meilleurs clubs de football de l'UEFA - 2025 - Statistiques

Statistiques générales
  • Ce quiz a été pris 830 fois
  • Le résultat moyen est 45 sur 100
Statistiques - réponses
Classement Club Pays % Correct
5 Paris SG France
99%
1 Real Madrid Espagne
99%
2 Manchester City Angleterre
98%
6 Inter Italie
97%
4 Liverpool Angleterre
97%
12 Manchester Utd. Angleterre
97%
20 AC Milan Italie
96%
10 Barcelone Espagne
96%
11 B. Leverkusen Allemagne
96%
3 Bayern Munich Allemagne
95%
7 Bor. Dortmund Allemagne
94%
9 Chelsea Angleterre
93%
13 Atlético Madrid Espagne
91%
21 Juventus Turin Italie
91%
14 Arsenal Angleterre
89%
15 Benfica Portugal
89%
42 Marseille France
88%
18 FC Porto Portugal
86%
8 AS Roma Italie
81%
22 Lazio Rome Italie
81%
32 Napoli Italie
81%
35 Séville FC Espagne
79%
29 Ajax Pays-Bas
77%
30 LOSC Lille France
77%
51 Ol. Lyonnais France
77%
34 Sporting CP Portugal
76%
80 Athletic Espagne
71%
33 Tottenham Angleterre
68%
17 Atalanta BC Italie
66%
27 PSV Eindhoven Pays-Bas
66%
59 Celtic Glasgow Écosse
64%
47 Aston Villa Angleterre
63%
24 FC Bruges Belgique
62%
26 Glasgow Rangers Écosse
62%
19 RB Leipzig Allemagne
62%
25 Feyenoord Pays-Bas
59%
58 Galatasaray Turquie
59%
31 Real Sociedad Espagne
59%
85 OGC Nice France
57%
55 Stade Rennais France
57%
38 Dinamo Zagreb Croatie
52%
76 Dynamo Kyiv Ukraine
51%
23 E. Francfort Allemagne
48%
36 Fiorentina Italie
47%
28 West Ham Utd. Angleterre
45%
50 Étoile Rouge Serbie
44%
44 Fenerbahçe Turquie
44%
37 Olymp. Pirée Grèce
44%
45 SC Braga Portugal
44%
43 RB Salzbourg Autriche
43%
54 AS Monaco France
42%
41 Slavia Prague Tchéquie
42%
97 Stade Brestois France
42%
70 Sparta Prague Tchéquie
41%
49 FC Copenhague Danemark
40%
60 M. Tel Aviv Israël
39%
40 Shakhtar D. Ukraine
32%
46 Bodø/Glimt Norvège
31%
69 Rapid Vienne Autriche
30%
71 Legia Varsovie Pologne
29%
96 Maccabi Haifa Israël
29%
83 Partizan Serbie
28%
81 FCSB Roumanie
26%
78 Leicester City Angleterre
25%
95 APOEL Nikosia Chypre
23%
39 AZ Alkmaar Pays-Bas
23%
77 Union Berlin Allemagne
22%
65 FC Bâle Suisse
20%
52 PAOK Saloniki Grèce
20%
67 Qarabag FK Azerbaïdjan
20%
48 Real Betis Espagne
20%
84 Royal Antwerp Belgique
19%
53 La Gantoise Belgique
18%
57 Ferencváros Hongrie
16%
73 SC Fribourg Allemagne
15%
56 Viktoria Plzen Tchéquie
14%
93 Omonia Nicosie Chypre
13%
86 FC Sheriff Moldavie
11%
89 CFR Cluj Roumanie
10%
63 Molde Norvège
10%
88 Lech Poznan Pologne
9%
82 Sturm Graz Autriche
9%
90 TSG Hoffenheim Allemagne
9%
16 Villarreal CF Espagne
9%
91 Vit. Guimarães Portugal
9%
74 LASK Autriche
8%
75 Ludogorets Bulgarie
8%
79 Basaksehir Turquie
7%
62 Union SG Belgique
7%
87 FC Lugano Suisse
5%
72 RSC Anderlecht Belgique
4%
92 Shamrock Rovers Irlande
3%
61 BSC Young Boys Suisse
2%
68 Djurgården Suède
2%
66 FC Midtjylland Danemark
1%
98 Sivasspor Turquie
1%
64 Slo. Bratislava Slovaquie
1%
99 H. Beer Sheva Israël
0%
94 NK Olimpija Slovénie
0%
100 Zorya Lugansk Ukraine
0%
Aucun quiz correspondant
Distribution des résultats
% des personnes avec chaque résultat
Percentile par nombre de réponses
Votre historique - résultats
Vous n’avez pas pris ce quiz